| 000 | 00838nam a2200265 u 4500 | ||
|---|---|---|---|
| 001 | 000002000 | ||
| 003 | DO-SdBNP | ||
| 005 | 20240412074159.0 | ||
| 007 | ta | ||
| 008 | 090630s2008 dr a 000 p spa d | ||
| 020 | _a9789945162110 | ||
| 040 |
_aDO-SdBNP _bspa _cBNPHU |
||
| 082 | 4 |
_aRD861.44 _bA992p _222 |
|
| 100 | 1 |
_aAzar García, Aquiles, _d1932 _96476 |
|
| 245 | 1 | 0 |
_aMis poemas escogidos al azar / _cAquiles Azar García ; prólogo Thimo Pimentel. |
| 260 |
_aSanto Domingo : _bBúho, _c2008. |
||
| 300 |
_a72 p. : _bil. ; _c22 cm. |
||
| 500 | _aIncluye datos biográficos del autor en la solapa | ||
| 590 | _aInventariado, 2022/MFF | ||
| 650 | 4 |
_aPoesía dominicana _966 |
|
| 650 | 0 |
_aLiteratura dominicana. _967 |
|
| 700 | 1 |
_aPimentel, Thimo, _epról. _96477 |
|
| 910 | _aValidado. Control de calidad MFF | ||
| 942 |
_2ddc _cLBS1 |
||
| 999 |
_c1866 _d1866 |
||